| 000 | 00595nam a2200169 4500 | ||
|---|---|---|---|
| 001 | 139874 | ||
| 003 | ES-MaACL | ||
| 005 | 20230906195931.0 | ||
| 007 | t| | ||
| 008 | 070214s1969 sp r ||||1| spa d | ||
| 100 | 1 |
_aSchlink, Edmund. _9104427 |
|
| 245 | 1 | 3 |
_aEl Cristo que ha de venir y las tradiciones de la Iglesia _b: aportaciones para el diálogo entre las Iglesias separadas / _cEdmund Schlink ; versión... por Juan Blanco Catalá. |
| 260 |
_aAlcoy : _bMarfil, _c1969. |
||
| 300 |
_a434 p. ; _c22 cm. |
||
| 700 | 1 |
_aBlanco Catalá, Juan. _929234 |
|
| 852 |
_aES-MaACL _jC-38372 _bR.73441 |
||
| 999 |
_c139874 _d139874 |
||